Statistics for Språk i Sverige

Click here to take the quiz!

General Stats

  • This quiz has been taken 1 032 times
  • The average score is 10 of 20

Answer Stats

?Språk% Correct
HuvudspråkSvenska
99%
Största invandrar spåkenFinska
86%
Nationella minoritetsspråkFinska
86%
Viktigaste främmande språkEngelska
83%
Arabiska
80%
Tyska
77%
Samiska
75%
Franska
70%
Skånska
60%
Spanska
57%
Romani
37%
Jiddisch
33%
Polska
29%
Meänkieli
26%
Serbo-kroatiska
23%
TeckenspråkSvenskt teckenspråk
23%
Kurdiska
15%
Traditionella dialekterÄlvdalska
10%
Jämtska
7%
Gutniska
3%

Score Distribution

Percentile by Number Answered

Percent of People with Each Score

Your Score History

You have not taken this quiz